Szczegóły MARC21

Standardy wyposażenia i obudowy medialnej przedmiotów ogólnokształcących : gimnazjum /

003 -Nazwa inst., której nr kontr. jest w polu 001 [,]
    • @
    • Nazwa instytucji, której n kontrolny jest w polu 001
    • NUKAT
005 -DATA I CZAS OSTATNIEJ MODYFIKACJI [,]
    • @
    • pole kontrolne
    • 20241231085610.0
020 -Międzynarod. znormalizowany nr książki - ISBN [ , ]
    • a
    • Numer ISBN
    • 8387925543 Find
040 -Instytucja sporządzająca opis [ , ]
    • a
    • Instytucja, która sporządziła opis (NP)
    • KR U/ynk
    • c
    • Instytucja, która sporządziła rekord (NP)
    • KR U/ynk
    • d
    • Instytucja, która zmodyfikowała rekord (P)
    • KR U/mal
    • d
    • Instytucja, która zmodyfikowała rekord (P)
    • KR U/Chs
942 -Rodzaj dokumentu [ , ]
    • c
    • Rodzaj dokumentu
    • Książka
245 -Strefa tytułu i oznaczenia odpowiedzialności [0,0]
    • a
    • Tytuł
    • Standardy wyposażenia i obudowy medialnej przedmiotów ogólnokształcących : Find
    • b
    • Ciąg dalszy tytułu (NP)
    • gimnazjum / Find
    • c
    • Pozostałe elementy strefy tytułu i oznaczenia odpowiedzialności (NP)
    • red. Andrzej Bogaj, Stefan M. Kwiatkowski ; [Ministerstwo Edukacji Narodowej i Sportu. Instytut Badań Edukacyjnych. Pracownia Technik Multimedialnych].
260 -Strefa adresu wydawniczego [ , ]
    • a
    • Miejsce wydania (P)
    • Warszawa :
    • b
    • Nazwa wydawcy (P)
    • IBE,
    • c
    • Data wydania (P)
    • 2002.
300 -Strefa opisu fizycznego [ , ]
    • a
    • Określenie formy książki i/lub objętość (NP)
    • 194 s. ;
    • c
    • Format (NP)
    • 30 cm.
336 -Typ zawartości [ , ]
    • a
    • Termin opisujący typ zawartości
    • Tekst
    • b
    • Kod określający zawartość
    • txt
    • 2
    • Źródło (terminu i kodu)
    • rdacontent
337 -Typ mediów [ , ]
    • a
    • Tryb odtwarzania
    • Bez urządzenia pośredniczącego
    • b
    • Kod typu mediów
    • n
    • 2
    • Źródło (terminu i kodu)
    • rdamedia
338 -Typ/rodzaj nośnika [ , ]
    • a
    • Hasło opisujące typ nośnika
    • Wolumin
    • b
    • Kod typu nośnika
    • nc
    • 2
    • Źródło (terminu i kodu)
    • rdacarrier
500 -Uwaga ogólna [ , ]
    • a
    • Uwaga ogólna (NP)
    • Zawiera gł. tab.
504 -Uwaga dot. bibliogr. załącznikowej [ , ]
    • a
    • Uwaga dot. bibliografii załącznikowej
    • Bibliogr. przy rozdz.
080 -Uniwersalna Klasyfikacja Dziesiętna [ , ]
    • 2
    • Identyfikator wydania tablic
    • UDC-P058
    • a
    • Symbol klasyfikacji
    • 373.5.046-021.64
    • b
    • Dopowiedzenie
    • Gimnazjum.
080 -Uniwersalna Klasyfikacja Dziesiętna [ , ]
    • 2
    • Identyfikator wydania tablic
    • UDC-P058
    • a
    • Symbol klasyfikacji
    • 37.091.214
    • b
    • Dopowiedzenie
    • Programy nauczania. Plany szkolne. Syllabus. Harmonogram zajęć wychowawczych i dydaktycznych.
080 -Uniwersalna Klasyfikacja Dziesiętna [ , ]
    • 2
    • Identyfikator wydania tablic
    • UDC-P058
    • a
    • Symbol klasyfikacji
    • 37.091.64
    • b
    • Dopowiedzenie
    • Pomoce naukowe (szkolne) i materiały nauczania. Podręczniki szkolne, czasopisma szkolne, mapy, globusy, filmy. Radio i telewizja w szkole, komputery, eksponaty, modele. Gry dydaktyczne, gry edukacyjne.
650 -Hasło przedmiotowe [ ,7]
    • a
    • Hasło przedmiotowe
    • Gimnazja
    • z
    • Określnik geograficzny
    • Polska
    • v
    • Określnik formalny
    • programy nauczania.
    • 2
    • Źródło terminu
    • kaba
    • 9
    • KHW
    • 426895
650 -Hasło przedmiotowe [ ,7]
    • a
    • Hasło przedmiotowe
    • Środki dydaktyczne
    • v
    • Określnik formalny
    • poradniki.
    • 2
    • Źródło terminu
    • kaba
    • 9
    • KHW
    • 380421
650 -Hasło przedmiotowe [ ,7]
    • a
    • Hasło przedmiotowe
    • Multimedia w edukacji
    • v
    • Określnik formalny
    • poradniki.
    • 2
    • Źródło terminu
    • kaba
    • 9
    • KHW
    • 381044
980 -Symbol UKD [ , ]
    • a
    • UKD
    • 373.5.046-021.64:37.091.214:37.091.64
700 -Hasło dodatkowe - nazwa osobowa [1, ]
    • a
    • Nazwa osobowa (NP)
    • Bogaj, Andrzej Find
    • d
    • Daty biograficzne (NP)
    • (1942-2024).
    • e
    • Określenie rodzaju współpracy
    • Red.
    • 9
    • KHW
    • 430068
700 -Hasło dodatkowe - nazwa osobowa [1, ]
    • a
    • Nazwa osobowa (NP)
    • Kwiatkowski, Stefan Michał Find
    • d
    • Daty biograficzne (NP)
    • (1948- ).
    • e
    • Określenie rodzaju współpracy
    • Red.
    • 9
    • KHW
    • 54824
710 -Hasło dodatkowe - nazwa ciała zbiorowego [2, ]
    • a
    • Nazwa ciała zbiorowego lub nazwa geograficzna jako pierwszy element (NP)
    • Instytut Badań Edukacyjnych (Warszawa).
    • b
    • Nazwa jednostki podrzędnej (P)
    • Wydawnictwo.
    • 4
    • Kod relacji
    • pbl
    • 9
    • KHW
    • 80787
920 -ISBN [ , ]
    • a
    • ISBN
    • 83-87925-54-3 Find
Lokalizacja Data inwentaryzacji Numer inwentarzowy Status udost.
BG2007-06-27Pd.185601
BNS2007-06-27Pd.185611